The Royle Family - Statistics

General Stats
  • This quiz has been taken 584 times
  • The average score is 11 of 15
Answer Stats
Hint Answer % Correct
How many series were created in total? 3
95%
What is the character name of the youngest son of Jim and Barbara in the show? Anthony Royle
95%
What name did Dave and Denise choose for their first baby? David
95%
Who is the daughter of Mary and Joe who live next door? Cheryl
93%
What band sang the song? Oasis
80%
Who is the late actress who starred in and wrote the show? Caroline Aherne
79%
What piece of jewellery did the youngest son of Jim and Barbara receive for his 18th birthday? A Sovereign Ring
77%
What type of fruit was added to the punch to make it look tropical in 'The New Sofa' episode? Banana
75%
What song is the theme tune of the show? Half The World Away
72%
What item did Nana use to see people across the room in 'The Queen Of Sheba' episode? Magnifying Glass
68%
What is the name of their local pub? The Feathers
67%
What alcoholic beverage does Nana have at Christmas? Sherry
59%
What did Dave and Denise serve for their starter when they hosted Christmas dinner? Cup A Soup
49%
What colour is the CD player which is used to play Denise's birthing song? Yellow
44%
How much is a vanilla slice at the bakery where Barbara works at? 38p
22%
No matching quizzes found
Score Distribution
Percent of People with Each Score
Percentile by Number Answered
Your Score History
You have not taken this quiz